Where there is no psychiatrist: (Record no. 22453)

MARC details
000 -LEADER
fixed length control field 01142cam a22002895a 4500
005 - DATE AND TIME OF LATEST TRANSACTION
control field 20081020032651.0
008 - FIXED-LENGTH DATA ELEMENTS--GENERAL INFORMATION
fixed length control field 081003s2008 ii ab b 001 0 eng
010 ## - LCCN (DPL NO)
LC control number ENG-92617
020 ## - INTERNATIONAL STANDARD BOOK NUMBER
International Standard Book Number 8188973785
Terms of availability 220.00
035 ## - SYSTEM CONTROL NUMBER
System control number EN-76150
037 ## - SOURCE OF ACQUISITION
Source of stock number/acquisition DBAD / PUB
040 ## - CATALOGING SOURCE
Original cataloging agency dpl
Language of cataloging English
082 ## - DEWEY DECIMAL CLASSIFICATION NUMBER
Classification number 616.89
100 ## - MAIN ENTRY--PERSONAL NAME
Personal name Patel, Vikram
245 ## - TITLE STATEMENT
Title Where there is no psychiatrist:
Statement of responsibility, etc by Vikram Patel; illustrated by Wilson D'Souza
Remainder of title a mental health care manual /
260 ## - PUBLICATION, DISTRIBUTION, ETC. (IMPRINT)
Place of publication, distribution, etc New Delhi
Name of publisher, distributor, etc Voluntary Health Association of India
Date of publication, distribution, etc 2002
270 ## - ADDRESS
Address B-40, Qutab Institutional Area, South of IIT,
City New Delhi
Postal code 110016
300 ## - PHYSICAL DESCRIPTION
Extent xxii, 266p.:
Dimensions 25cm (pbk)
Other physical details ill.
500 ## - GENERAL NOTE
General note Includes glossary and index
650 ## - SUBJECT ADDED ENTRY--TOPICAL TERM
Topical term or geographic name as entry element Psychiatry.
650 ## - SUBJECT ADDED ENTRY--TOPICAL TERM
Topical term or geographic name as entry element Psychiatry.
Geographic subdivision Developing countries.
650 ## - SUBJECT ADDED ENTRY--TOPICAL TERM
Topical term or geographic name as entry element Mental illness.
650 ## - SUBJECT ADDED ENTRY--TOPICAL TERM
Topical term or geographic name as entry element Mental illness.
Geographic subdivision Developing countries.
700 ## - ADDED ENTRY--PERSONAL NAME
Personal name D'Souza, Wilson
942 ## - ADDED ENTRY ELEMENTS (KOHA)
Source of classification or shelving scheme Dewey Decimal Classification
Item type English Books
Call number suffix PAT
Classification part 616.89
Holdings
Withdrawn status Lost status Source of classification or shelving scheme Damaged status Not for loan Collection code Home library Current library Date acquired Source of acquisition Cost, normal purchase price Total Checkouts Full call number Barcode Date last seen Copy number Cost, replacement price Koha item type
    Dewey Decimal Classification   Not For Loan Non-fiction D.B.Act.Division D.B.Act.Division 27/01/2009 DBAD / PUB 220.00   616.89 PAT EN-76150 27/01/2009 1 220.00 English Books

© Delhi Public Library
Hit Counter
free hit counter